Wszyscy kierowcy F1 w zespole Sauber - Statystyki

Ogólne statystyki
  • Ten quiz został rozwiązany 32 razy
  • Średni wynik to 16 z 33
Statystyki odpowiedzi
Starty Sezony Kraj Kierowca % Poprawnych
57 2006-2009 Polska Robert Kubica
100%
21 2018 Monako Charles Leclerc
96%
21 2013, 2025 Niemcy Niko Hulkenberg
92%
37 2011-2012 Meksyk Sergio Perez
88%
24 2024 Finlandia Valtteri Bottas
88%
58 2010-2012 Japonia Kamui Kobayashi
83%
3 2025 Brazylia Gabriel Bortoleto
79%
16 2001 Finlandia Kimi Raikkonen
75%
125 2001-2003, 2006-2010 Niemcy Nick Heidfeld
75%
2 2017 Włochy Antonio Giovinazzi
71%
52 2002, 2004-2005 Brazylia Felipe Massa
71%
81 2015-2018 Szwecja Marcus Ericsson
71%
1 2007 Niemcy Sebastian Vettel
71%
24 2024 Chiny Zhou Guanyu
63%
30 2005-2006 Kanada Jacques Villeneuve
58%
14 2010-2011 Hiszpania Pedro De La Rosa
46%
19 2014 Niemcy Adrian Sutil
42%
38 2013-2014 Meksyk Esteban Gutierrez
42%
32 1998-1999 Francja Jean Alesi
38%
39 2015-2016 Brazylia Felipe Nasr
33%
64 1994-1996, 2003 Niemcy Heinz-Harald Frentzen
33%
18 2017 Niemcy Pascal Wehrlein
33%
18 2004 Włochy Giancarlo Fisichella
29%
18 1993-1994 Finlandia JJ Lehto
29%
16 2000 Finlandia Mika Salo
21%
49 1996-1998 W.Brytania Johnny Herbert
13%
25 1993-1995 Austria Karl Wendlinger
8%
7 1997 Włochy Gianni Morbidelli
4%
32 1999-2000 Brazylia Pedro Diniz
4%
9 1994 Włochy Andrea De Cesaris
0%
11 1995 Francja Jean-Christophe Boullion
0%
5 1997 Włochy Nicola Larini
0%
4 1997 Argentyna Norberto Fontana
0%
Nie znaleziono quizów pasujących do podanych kryteriów
Rozkład punktacji
Procent ludzi z każdym wynikiem
Percentyl według liczby udzielonych odpowiedzi
Twoja historia wyników
Nie rozwiązałeś tego quizu